| 000 | 007360000a22002290004500 | ||
|---|---|---|---|
| 003 | LK-CoMWRAF | ||
| 005 | 20230828130925.0 | ||
| 008 | 230817t2004 ||||| |||| 00| 0 eng d | ||
| 020 | _a8188683256 | ||
| 040 |
_aLK-CoMWRAF _dLK-CoMWRAF _eLK-CoMWRAF |
||
| 041 | _aeng | ||
| 082 |
_a331.481 _bBHA |
||
| 100 | _aBhandari ,Mala | ||
| 245 | _aQuality of life of Urban Working Women | ||
| 260 |
_aNew Delhi: _bAbhijeet Publications, _c2004 |
||
| 300 |
_ax, 292 p. ; 22 cm. _bBibliography and Index included |
||
| 650 | _aWOMEN EMPLOYMENT-SOCIAL ASPECTS-INDIA | ||
| 650 | _aQuality of work life--India--Delhi. | ||
| 650 | _aWork and family--India--Delhi. | ||
| 650 | _aWomen employees--India--Delhi--Economic conditions. | ||
| 942 | _cBK | ||
| 999 |
_c254 _d254 |
||